[Event "16th Asian Continental w"]
[Site "Chengdu CHN"]
[Date "2017.05.18"]
[Round "7.2"]
[White "Vo Thi Kim Phung"]
[Black "Tokhirjonova,Gulrukhbegim"]
[Result "1-0"]
[WhiteElo "2323"]
[BlackElo "2299"]

1.d4 d5 2.Nf3 Nf6 3.c4 e6 4.g3 Be7 5.Bg2 O-O 6.O-O dxc4 7.Qc2 a6 8.a4 c5
9.dxc5 Bxc5 10.Qxc4 Nbd7 11.b4 Bd6 12.Bb2 Qe7 13.b5 axb5 14.axb5 Nb6 15.Qh4
Rxa1 16.Bxa1 Bd7 17.Nbd2 e5 18.Ne4 Nxe4 19.Qxe4 Bxb5 20.Qb1 Bb4 21.Nxe5 Bxe2
22.Rc1 Ba6 23.Bd4 Na4 24.Qb3 Bd2 25.Rb1 b5 26.Bd5 Bg5 27.Nc6 Qd6 28.Be5 Qc5
29.Nb4 Bb7 30.Rd1 Bxd5 31.Rxd5 Qc1+ 32.Kg2 Nc5 33.Qf3 Ne6 34.Rxb5 Qc4 35.Qd5
Qe2 36.Nc6 h6 37.h4 Bxh4 38.gxh4 Qg4+ 39.Kf1 Qxh4 40.Rb8 Rxb8 41.Bxb8 Qh3+
42.Kg1 Qg4+ 43.Bg3 Qg5 44.Qd7 g6 45.Ne5 Qf5 46.Qc8+ Kg7 47.Nd7 h5 48.Qc3+ Kh6
49.Qh8+ Kg5 50.Ne5 Qb1+ 51.Kh2 Qb7 52.Qe8 Kf6 53.Nxf7 Qe4 54.Be5+ {#r} 1-0

[Event "16th Asian Continental w"]
[Site "Chengdu CHN"]
[Date "2017.05.18"]
[Round "7.3"]
[White "Nakhbayeva,G"]
[Black "Khademalsharieh,S"]
[Result "1-0"]
[WhiteElo "2321"]
[BlackElo "2450"]

1.d4 Nf6 2.c4 e6 3.Nc3 Bb4 4.e3 O-O 5.Bd3 d5 6.Ne2 b6 7.a3 Be7 8.O-O Bb7
9.cxd5 exd5 10.b4 Nbd7 11.Qb3 c6 12.Nf4 Bd6 13.Bd2 Rb8 14.h3 Bxf4 15.exf4 c5
16.Qa4 cxd4 17.Ne2 Ne4 18.Bc1 Nc3 19.Qc2 Nxe2+ 20.Qxe2 Re8 21.Qf3 Qf6 22.Bb2
Nf8 23.Rfd1 Ng6 24.f5 Ne5 25.Qf4 Nxd3 26.Rxd3 Qe5 27.Qg4 Qe2 28.Qxd4 f6 29.Rg3
Re5 30.Rc1 Rc8 31.Rxc8+ Bxc8 32.f4 Re7 33.Qxd5+ {#r} 1-0

[Event "16th Asian Continental w"]
[Site "Chengdu CHN"]
[Date "2017.05.18"]
[Round "7.4"]
[White "Munguntuul,B"]
[Black "Gomes,Mary"]
[Result "0-1"]
[WhiteElo "2431"]
[BlackElo "2318"]

1.e4 c5 2.Nf3 d6 3.d4 cxd4 4.Nxd4 Nf6 5.Nc3 a6 6.Be3 e5 7.Nb3 Be6 8.Qd2 Nbd7
9.O-O-O Rc8 10.f4 Be7 11.Kb1 b5 12.f5 Bxb3 13.axb3 Nc5 14.Bd3 Qd7 15.g4 b4
16.Nd5 Nxd5 17.exd5 Nxd3 18.Qxd3 a5 19.Rdf1 a4 20.g5 axb3 21.Qxb3 Qb5 22.Bd2
Rc4 23.f6 gxf6 24.gxf6 Bd8 25.Bh6 Kd7 26.Bg7 Re8 27.Qh3+ Kc7 28.Rd1 Kb7 29.Qd3
Bb6 30.b3 Rc5 31.Qxb5 Rxb5 32.Rhe1 Ra8 33.Bh6 Bd4 34.Rxd4 exd4 35.Re7+ Kb6
36.Rxf7 Rxd5 37.Rd7 Kc6 38.Rxh7 Rf5 39.f7 Rf1+ 40.Bc1 Rf8 41.Rh4 Kc5 42.Rh5+
d5 43.Rh7 R8xf7 44.Rxf7 Rxf7 45.Bg5 d3 46.cxd3 Kd4 47.Bd2 Kxd3 48.Bxb4 Rb7
{#R} 0-1

[Event "16th Asian Continental w"]
[Site "Chengdu CHN"]
[Date "2017.05.18"]
[Round "7.5"]
[White "Xiao,Yiyi"]
[Black "Padmini,R"]
[Result "0-1"]
[WhiteElo "2287"]
[BlackElo "2380"]

1.d4 Nf6 2.c4 g6 3.g3 Bg7 4.Bg2 O-O 5.Nf3 d6 6.O-O Nbd7 7.Nc3 e5 8.e4 c6 9.h3
Qb6 10.d5 Nc5 11.Re1 cxd5 12.cxd5 Bd7 13.Rb1 a5 14.Be3 Rfc8 15.Nd2 a4 16.b4
axb3 17.Nxb3 Qa6 18.Bf1 Qa3 19.Nxc5 Rxc5 20.Bxc5 Qxc5 21.Qd2 Bh6 22.Qxh6 Qxc3
23.Re3 Qd2 24.Qh4 Kg7 25.Rd3 Qc2 26.Rxb7 h6 27.Rxd7 Rf8 28.Rxd6 g5 29.Qxh6+
Kxh6 30.Rxf6+ Kg7 31.Ra6 Rb8 32.Rc6 Qxa2 33.d6 Rb1 34.Kg2 Qa4 35.Rc7 Kg6 36.d7
Qxe4+ 37.Rf3 Rd1 38.Rc3 Qe1 39.Bd3+ Kg7 {#R} 0-1

[Event "16th Asian Continental w"]
[Site "Chengdu CHN"]
[Date "2017.05.18"]
[Round "7.6"]
[White "Ren,Xiaoyi"]
[Black "Hoang Thi Bao Tram"]
[Result "0-1"]
[WhiteElo "2257"]
[BlackElo "2371"]

1.d4 d5 2.c4 c6 3.cxd5 cxd5 4.Bf4 Nc6 5.Nc3 Nf6 6.e3 a6 7.Bd3 e6 8.Nf3 Bd6
9.Bg5 h6 10.Bh4 b5 11.Rc1 Bb7 12.O-O O-O 13.a3 Rc8 14.Bb1 Be7 15.Qd3 g6 16.Bg3
Na5 17.Ne5 Qe8 18.f3 Nc4 19.Qe2 Nd7 20.Nd3 Bf6 21.Bf2 Bg7 22.e4 e5 23.dxe5
Ndxe5 24.Nc5 d4 25.Nxb7 dxc3 26.b3 Qe7 27.bxc4 Nxc4 28.f4 Qxb7 29.e5 Nd2
30.Bc2 Nxf1 31.Rxf1 Qe7 32.h4 Rfd8 33.Qg4 h5 34.Qf3 Rd2 35.f5 Rxc2 36.f6 Qxe5
37.fxg7 Rxf2 38.Rxf2 Rc7 39.Re2 Qd4+ {#R} 0-1

[Event "16th Asian Continental w"]
[Site "Chengdu CHN"]
[Date "2017.05.18"]
[Round "7.8"]
[White "Lei Tingjie"]
[Black "Xu,Yuze"]
[Result "1-0"]
[WhiteElo "2482"]
[BlackElo "2040"]

1.e4 c5 2.Nf3 Nc6 3.d4 cxd4 4.Nxd4 g6 5.Nc3 Bg7 6.Be3 Nf6 7.Nxc6 bxc6 8.e5 Ng8
9.f4 Nh6 10.Qd2 d6 11.O-O-O Bg4 12.Re1 Be6 13.exd6 Qxd6 14.Qxd6 exd6 15.Ne4
Nf5 16.Bf2 h5 17.Ng5 Kd7 18.Nxe6 fxe6 19.Bc4 Rhe8 20.g3 Bd4 21.Bxd4 Nxd4
22.Re4 Nf5 23.Ba6 Rab8 24.Rhe1 Re7 25.Ra4 Rb6 26.Bc4 Rb7 27.Ra5 d5 28.Ba6 Rb8
29.Bd3 Kd6 30.c4 Rc7 31.Ra6 Ke7 32.Kb1 Rb6 33.Ra5 Kf6 34.Rc5 Rcb7 35.Re2 Nd4
36.Rf2 Rb4 37.h3 Rd7 38.g4 hxg4 39.hxg4 a5 40.g5+ Kg7 41.cxd5 Rxd5 42.Rc1 Rd6
43.a3 Rb3 44.Bc4 Rf3 45.Rxf3 Nxf3 46.Rc3 Nd4 47.Re3 Kf7 48.Kc1 c5 49.Rh3 Nf5
50.Rh7+ Ng7 51.Kc2 Kg8 52.Rh3 Rd4 53.Rc3 Rxf4 54.Bd3 c4 55.Rxc4 Rxc4+ 56.Bxc4
Kf7 57.Kb3 Nf5 58.Ka4 Nd6 59.Be2 Ne4 60.Kxa5 Nxg5 61.Kb6 Ke7 62.a4 Ne4 63.a5
Nd6 64.Kc6 Nc8 65.Kc7 {#r} 1-0

[Event "16th Asian Continental w"]
[Site "Chengdu CHN"]
[Date "2017.05.18"]
[Round "7.9"]
[White "Nguyen Thi Thanh An"]
[Black "Pratyusha,B"]
[Result "1-0"]
[WhiteElo "2280"]
[BlackElo "2269"]

1.d4 Nf6 2.c4 e6 3.Nc3 Bb4 4.Qc2 d5 5.a3 Bxc3+ 6.Qxc3 O-O 7.cxd5 Ne4 8.Qc2
exd5 9.e3 b6 10.Nf3 Ba6 11.Bxa6 Nxa6 12.O-O Qd6 13.Qe2 Nb8 14.Ne1 Nd7 15.f3
Nef6 16.Bd2 c5 17.Nc2 Rfe8 18.Rad1 Qe6 19.Bc3 h5 20.Qf2 Rac8 21.Rfe1 Qf5
22.Re2 Re7 23.dxc5 bxc5 24.Red2 Ne5 25.Qg3 Kh7 26.e4 dxe4 27.Ne3 Nxf3+ 28.gxf3
Qxf3 29.Bxf6 Qxg3+ 30.hxg3 gxf6 31.Rd5 Kg6 32.Kf2 Rb7 33.R1d2 Rb3 34.Rc2 Rcb8
35.Nc4 Rf3+ 36.Kg2 Rbb3 37.Rxc5 Rxg3+ 38.Kh2 Rg4 39.Rc3 Rb8 40.Rg3 Rxg3
41.Kxg3 Rb3+ 42.Kf4 h4 43.Rc8 f5 44.Ne5+ Kg7 45.Kxf5 e3 46.Rc2 h3 47.Kf4 Rb5
48.Ng4 Rh5 49.Kxe3 f5 50.Nh2 Kf6 51.Nf3 Rh8 52.Kf4 a5 53.Kg3 a4 54.Rc6+ Ke7
55.Rc2 Kd6 56.Kf4 Rh5 57.Rh2 Kd5 58.Ng5 Kc4 59.Kxf5 Kb3 60.Kg4 Rh6 61.Nf3 Ka2
62.Ne5 Rh8 63.Kf4 Rb8 64.Nd3 Rh8 65.Ke4 Rh4+ 66.Kd5 Kb1 67.Kc5 Ka1 68.Kb5 Kb1
69.Nb4 Kc1 70.Kxa4 Kd1 71.Kb3 Ke1 72.Nd3+ Kf1 73.Nf2 {#r} 1-0

[Event "16th Asian Continental w"]
[Site "Chengdu CHN"]
[Date "2017.05.18"]
[Round "7.10"]
[White "Zhang,Lanlin"]
[Black "Nandhidhaa,P"]
[Result "0-1"]
[WhiteElo "2067"]
[BlackElo "2252"]

1.e4 c5 2.Nf3 e6 3.d4 cxd4 4.Nxd4 Nc6 5.Nc3 Qc7 6.Be2 a6 7.O-O Nf6 8.Be3 Be7
9.Kh1 O-O 10.f4 d6 11.Qe1 Nxd4 12.Bxd4 b5 13.a3 Bb7 14.Qg3 Rad8 15.Rad1 Bc6
16.Bf3 Qb7 17.b4 Rc8 18.h3 Rfd8 19.e5 dxe5 20.Bxc6 Qxc6 21.fxe5 Nh5 22.Qg4 g6
23.Rf3 Qc4 24.Rdd3 Rd7 25.Bb6 Qxg4 26.hxg4 Rxd3 27.Rxd3 Nf4 28.Rf3 g5 29.g3
Ng6 30.Bd4 h6 31.Rf2 Rd8 32.Bb6 Rd7 33.Re2 Bd8 34.Bxd8 Rxd8 35.Ne4 Rd1+ 36.Kg2
Ra1 37.Nf6+ Kg7 38.Ne8+ Kf8 39.Nd6 Rxa3 40.Kf2 Rc3 41.Kg2 Rc6 42.Ne4 Nxe5
43.Nf6 Nc4 44.Nd7+ Ke7 45.Nc5 a5 46.c3 a4 47.Kf3 Rd6 48.Ke4 Rd1 49.Rh2 Rg1
50.Kd4 Rxg3 51.Nb7 Nd6 52.Na5 a3 53.Nc6+ Kd7 54.Ne5+ Kc7 55.Rxh6 a2 56.Rh1 Nc4
57.Nxf7 Nd2 58.Ne5 a1=Q 59.Rh7+ Kc8 {#R} 0-1

[Event "16th Asian Continental w"]
[Site "Chengdu CHN"]
[Date "2017.05.18"]
[Round "7.11"]
[White "Mohota,N"]
[Black "Luong Phuong Hanh"]
[Result "1-0"]
[WhiteElo "2260"]
[BlackElo "2224"]

1.e4 c5 2.Nf3 e6 3.b3 a6 4.Bb2 Nc6 5.c4 Qc7 6.g3 Nf6 7.e5 Ng4 8.Qe2 h5 9.Bg2
b6 10.O-O Be7 11.h3 Nh6 12.Nc3 Nf5 13.Nd5 Qd8 14.Ne3 g6 15.Nxf5 gxf5 16.d4
cxd4 17.Nxd4 Bb7 18.Rad1 Qc7 19.Nxf5 exf5 20.e6 fxe6 21.Bxh8 O-O-O 22.Qxh5 Bc5
23.h4 Bb4 24.Bf6 Rf8 25.Bg7 Rd8 26.f4 d5 27.cxd5 exd5 28.Qxf5+ Kb8 29.Be5 Nxe5
30.fxe5 Bc8 31.Qh5 Qg7 32.Rd3 Rh8 33.Rf7 Rxh5 34.Rxg7 Rxe5 35.Rxd5 Re1+ 36.Kh2
Ra1 37.Rd8 Rxa2 38.Rb7+ {#r} 1-0

[Event "16th Asian Continental w"]
[Site "Chengdu CHN"]
[Date "2017.05.18"]
[Round "7.12"]
[White "Kiran,M"]
[Black "Swathi,G"]
[Result "0-1"]
[WhiteElo "2160"]
[BlackElo "2280"]

1.e4 c5 2.Nf3 Nc6 3.Bb5 e6 4.O-O Nge7 5.Re1 a6 6.Bf1 g6 7.c3 Bg7 8.d4 cxd4
9.cxd4 d5 10.e5 O-O 11.Nc3 f6 12.exf6 Bxf6 13.Bh6 Re8 14.g4 Bg7 15.Bxg7 Kxg7
16.Bg2 Qd6 17.Qd2 Bd7 18.Re3 Rf8 19.Rae1 Rf4 20.h3 Raf8 21.Ne2 R4f6 22.Ng3 Nd8
23.Rc3 Nec6 24.Qg5 Kh8 25.Qh4 Qe7 26.Rce3 Qg7 27.Ne2 Nb4 28.Rc3 Bb5 29.Nc1
Nbc6 30.Nb3 Rf4 31.Nc5 Nxd4 32.Ng5 Rxf2 33.Ncxe6 N8xe6 34.Nxe6 Ne2+ 35.Rxe2
Rxe2 36.Qg3 Bc6 37.Rf3 Rxf3 38.Qxf3 Re1+ 39.Kf2 Rxe6 {#R} 0-1

[Event "16th Asian Continental w"]
[Site "Chengdu CHN"]
[Date "2017.05.18"]
[Round "7.13"]
[White "Uuriintuya,Uurtsaikh"]
[Black "Li Xueyi"]
[Result "1-0"]
[WhiteElo "2251"]
[BlackElo "2161"]

1.e4 c6 2.c4 d5 3.exd5 cxd5 4.cxd5 Nf6 5.Nc3 g6 6.Bc4 Bg7 7.Nf3 O-O 8.O-O Nbd7
9.d3 Nb6 10.Qb3 Bg4 11.Ne5 Bf5 12.Re1 Ne8 13.Bf4 Rc8 14.Nb5 a6 15.Na7 Bxe5
16.Bxe5 Ra8 17.Bd4 Nc8 18.Nxc8 Qxc8 19.Qb4 b5 20.Bb3 Nd6 21.Rxe7 Qd8 22.Bf6
Qb6 23.Qf4 Ne8 24.Bc3 Rc8 25.Qe5 Rxc3 26.bxc3 Nd6 27.Qe3 Qd8 28.Re1 Bd7 29.Qe5
Bf5 30.c4 bxc4 31.dxc4 Be6 32.dxe6 Qxe7 33.c5 {#r} 1-0

[Event "16th Asian Continental w"]
[Site "Chengdu CHN"]
[Date "2017.05.18"]
[Round "7.17"]
[White "Mendoza,Shania Mae"]
[Black "Gong Qianyun"]
[Result "1-0"]
[WhiteElo "2019"]
[BlackElo "2298"]

1.e4 e6 2.d4 d5 3.Nc3 Bb4 4.e5 c5 5.a3 Bxc3+ 6.bxc3 Qc7 7.Qg4 f5 8.Qh3 Ne7
9.Bd2 Nbc6 10.Nf3 Bd7 11.Qg3 O-O 12.Bd3 cxd4 13.cxd4 Be8 14.c3 Na5 15.Ng5 Qd7
16.Rb1 Nc4 17.Bc1 Bg6 18.Nh3 Rac8 19.Nf4 Bf7 20.O-O b5 21.h4 a6 22.Be2 Nb6
23.Bd2 Nc4 24.Bc1 Nb6 25.Bd2 Na4 26.Bd1 Nc6 27.Nd3 Na5 28.Bxa4 bxa4 29.Nc5
Rxc5 30.dxc5 Nc4 31.Bc1 f4 32.Bxf4 Nxa3 33.Rb6 a5 34.c6 Qe8 35.Bh6 Bg6 36.h5
gxh6 37.hxg6 hxg6 38.c7 Kg7 39.Rb8 Qd7 40.Rxf8 Kxf8 41.Qf4+ Ke8 42.c8=Q+ {#r}
1-0

[Event "16th Asian Continental w"]
[Site "Chengdu CHN"]
[Date "2017.05.18"]
[Round "7.23"]
[White "Hu,Yu A."]
[Black "Owezdurdiyeva,J"]
[Result "0-1"]
[WhiteElo "2043"]
[BlackElo "2016"]

1.e4 c5 2.Nf3 d6 3.d4 cxd4 4.Nxd4 Nf6 5.Nc3 a6 6.Bg5 Nbd7 7.f4 Qc7 8.Qf3 h6
9.Bh4 e5 10.Nf5 exf4 11.Bxf6 Nxf6 12.Qxf4 Bxf5 13.exf5 Be7 14.O-O-O O-O 15.g4
Qc6 16.Be2 Rac8 17.h4 d5 18.Bf3 b5 19.Rd2 Bd6 20.Qd4 Qc7 21.Re2 Bc5 22.Qd3 d4
23.Nd5 Nxd5 24.Bxd5 Rfe8 25.Re4 Re5 26.Bb3 Rce8 27.Rhe1 Rxe4 28.Rxe4 Qc6
29.Bd5 Qd7 30.g5 hxg5 31.hxg5 Be7 32.Rxd4 Bxg5+ 33.Kd1 Bf6 34.Re4 Rd8 35.Bb3
Qc6 {#R} 0-1

[Event "16th Asian Continental w"]
[Site "Chengdu CHN"]
[Date "2017.05.18"]
[Round "7.24"]
[White "Hallaeva,B"]
[Black "Shamima,A"]
[Result "1-0"]
[WhiteElo "2085"]
[BlackElo "2109"]

1.e4 c5 2.Nf3 e6 3.c3 d5 4.exd5 Qxd5 5.d4 g6 6.Be3 cxd4 7.Bxd4 f6 8.Nbd2 Nc6
9.Bc4 Qd8 10.O-O e5 11.Qe2 Qe7 12.Rfe1 Bg7 13.b4 Nxd4 14.cxd4 Bg4 15.Rac1 Nh6
16.dxe5 fxe5 17.Bb5+ Kf8 18.h3 Bxf3 19.Qxf3+ Qf7 20.Rc7 Qxf3 21.Nxf3 Nf7
22.Bc4 Nd6 23.Bb3 e4 24.Ng5 Re8 25.Rd1 Be5 26.Nxh7+ Rxh7 27.Rxh7 Re7 28.Rxe7
Kxe7 29.Bd5 Kf6 30.Rc1 b6 31.Rc7 a5 32.Rc6 axb4 33.Rxb6 Kf5 34.Rxb4 Bc3 35.Rb3
Bd4 36.a4 Ke5 37.Bc6 Bc5 38.a5 Kd4 39.Rg3 Nc4 40.a6 Ne5 41.Bb5 Be7 42.Kf1 Kc5
43.Rg5 Kd5 44.Ke2 Ke6 45.Rg3 Kd5 46.f4 exf3+ 47.gxf3 Kc5 48.Bd3 Kb6 49.f4 Nxd3
50.Rxg6+ {#r} 1-0

[Event "16th Asian Continental w"]
[Site "Chengdu CHN"]
[Date "2017.05.19"]
[Round "8.1"]
[White "Vaishali,R"]
[Black "Vo Thi Kim Phung"]
[Result "0-1"]
[WhiteElo "2272"]
[BlackElo "2323"]

1.e4 c5 2.Nf3 e6 3.d4 cxd4 4.Nxd4 a6 5.Be2 Nf6 6.Nc3 d6 7.O-O Nbd7 8.a4 b6
9.f4 Bb7 10.Bf3 Rc8 11.Qe2 Qc7 12.Be3 Qc4 13.Qf2 e5 14.fxe5 dxe5 15.Nf5 g6
16.Be2 Qb4 17.Nh6 Qxb2 18.Nxf7 Rxc3 19.Nxh8 Rxe3 20.Bg4 Rxe4 21.Bxd7+ Nxd7
22.Qf7+ Kd8 23.Rad1 Bc5+ 24.Kh1 Rd4 25.Qg8+ Kc7 26.Nf7 Bxg2+ 27.Kxg2 Qxc2+
28.Kg3 Rxd1 29.Qd8+ Kb7 {#R} 0-1

[Event "16th Asian Continental w"]
[Site "Chengdu CHN"]
[Date "2017.05.19"]
[Round "8.2"]
[White "Padmini,R"]
[Black "Nakhbayeva,G"]
[Result "0-1"]
[WhiteElo "2380"]
[BlackElo "2321"]

1.e4 e6 2.d4 d5 3.Nd2 Be7 4.Ngf3 Nf6 5.e5 Nfd7 6.Bd3 c5 7.c3 Nc6 8.O-O g5
9.dxc5 g4 10.Nd4 Ncxe5 11.Bb5 a6 12.Bxd7+ Bxd7 13.f4 gxf3 14.N2xf3 Ng6 15.Qe1
Qc7 16.Ng5 Qe5 17.Qf2 Bxg5 18.Nf3 Qf5 19.Bxg5 f6 20.Bh6 O-O-O 21.Qd2 Rhg8
22.Ng5 Qg4 23.Rxf6 Qh4 24.Nxh7 Ne5 25.Raf1 Ng4 26.g3 Nxh2 27.Qxh2 Rxg3+ 28.Kh1
Rh3 {#R} 0-1

[Event "16th Asian Continental w"]
[Site "Chengdu CHN"]
[Date "2017.05.19"]
[Round "8.7"]
[White "Khademalsharieh,S"]
[Black "Uuriintuya,Uurtsaikh"]
[Result "1-0"]
[WhiteElo "2450"]
[BlackElo "2251"]

1.d4 Nf6 2.c4 g6 3.g3 Bg7 4.Bg2 O-O 5.Nc3 d6 6.Nf3 Nbd7 7.O-O e5 8.e4 c6 9.h3
Qa5 10.Re1 exd4 11.Nxd4 Ne5 12.Bf1 Qb6 13.Nc2 Be6 14.b3 Rae8 15.Bg2 Nfd7
16.Be3 c5 17.Nd5 Bxd5 18.exd5 f5 19.Rb1 Qc7 20.f4 Nf7 21.Qd3 Nf6 22.Bf2 Qd7
23.b4 b6 24.Kh2 Ne4 25.Bg1 g5 26.Re3 gxf4 27.gxf4 Bh6 28.Rf1 Qe7 29.Bxe4 fxe4
30.Rg3+ Bg7 31.Rxg7+ Kxg7 32.Qg3+ Kh8 33.Qc3+ Ne5 34.Ne3 Qh4 35.fxe5 Rxf1
36.Nxf1 Qf4+ 37.Ng3 Rxe5 38.bxc5 bxc5 39.Be3 Qf3 40.Qb3 Re8 41.Qb2+ Kg8 42.Bh6
Re7 43.Qb8+ Kf7 44.h4 Re8 45.Qxa7+ Re7 46.Qb8 Re8 47.Qc7+ Re7 48.Qc8 Re8
49.Qd7+ Re7 50.Qf5+ Qxf5 51.Nxf5 Ra7 52.Nxd6+ Kg6 53.Be3 Rxa2+ 54.Kg3 Kf6
55.Kf4 Rh2 56.Nxe4+ Kf7 57.Bf2 {#r} 1-0

[Event "16th Asian Continental w"]
[Site "Chengdu CHN"]
[Date "2017.05.19"]
[Round "8.8"]
[White "Swathi,G"]
[Black "Munguntuul,B"]
[Result "1-0"]
[WhiteElo "2280"]
[BlackElo "2431"]

1.e4 c5 2.Nf3 e6 3.d4 cxd4 4.Nxd4 Nc6 5.Nc3 Qc7 6.Be2 a6 7.Be3 Nf6 8.O-O b5
9.Nxc6 dxc6 10.f4 Bb7 11.e5 Rd8 12.Qe1 Nd5 13.Nxd5 cxd5 14.c3 Bc5 15.Bd4 O-O
16.Bd3 a5 17.Qe3 Bxd4 18.cxd4 b4 19.f5 exf5 20.Rxf5 Qb6 21.Raf1 Rde8 22.Qf4
Qe6 23.Rf6 Qd7 24.Qh4 g6 25.h3 Bc8 26.Qh6 Qc7 27.h4 Bg4 28.Qf4 Be6 29.h5 Qe7
30.hxg6 fxg6 31.Bxg6 Rd8 32.Bxh7+ {#r} 1-0

[Event "16th Asian Continental w"]
[Site "Chengdu CHN"]
[Date "2017.05.19"]
[Round "8.11"]
[White "Pratyusha,B"]
[Black "Ren,Xiaoyi"]
[Result "0-1"]
[WhiteElo "2269"]
[BlackElo "2257"]

1.e4 e5 2.Bc4 Nf6 3.d3 c6 4.Nf3 d5 5.Bb3 a5 6.a3 a4 7.Ba2 Bd6 8.Nc3 Ra5 9.h3
h6 10.O-O O-O 11.Re1 Qc7 12.Bd2 Be6 13.Qc1 Kh7 14.Ne2 Ra8 15.Ng3 Nbd7 16.Nh4
Rfc8 17.Nhf5 Bf8 18.Kh1 dxe4 19.dxe4 Bxa2 20.Rxa2 Nc5 21.Bb4 Ne6 22.Bxf8 Rxf8
23.Qe3 Rfd8 24.Raa1 Qa5 25.Nf1 Qc5 26.Qxc5 Nxc5 27.f3 g6 28.N5e3 b5 29.Rad1 h5
30.h4 Ne8 31.Kg1 Kg7 32.Kf2 Nc7 33.Rxd8 Rxd8 34.Rd1 Rxd1 35.Nxd1 N7e6 36.Ke3
Kf6 37.Nd2 Ke7 38.c4 Kd6 39.Nc3 Nf4 40.cxb5 cxb5 41.g3 Nfd3 42.Nd1 Kc6 43.f4
exf4+ 44.gxf4 Ne1 45.Kf2 Nc2 46.Nf3 Nxe4+ 47.Ke2 Nd6 48.Kd3 Na1 49.Kd4 f6
50.Ne3 Nb3+ 51.Kc3 Ne4+ 52.Kb4 Ng3 53.Nd1 Ne2 54.Nc3 Nxf4 55.Nxb5 Nc5 56.Kc4
Nfd3 57.Nbd4+ Kd6 58.Nb5+ Kc6 59.Nbd4+ Kb6 60.Kc3 Nf2 61.Kb4 Nfe4 62.b3 axb3
63.Nxb3 Nxb3 64.Kxb3 Kc5 65.a4 g5 66.hxg5 fxg5 67.a5 h4 68.a6 Kb6 69.Kc4 h3
70.Nh2 Nf6 71.Kd3 g4 72.Nf1 Nh5 73.Ke2 g3 74.Kf3 g2 75.Kf2 gxf1=Q+ 76.Kxf1
Kxa6 77.Kg1 Kb5 78.Kh2 Nf4 79.Kg3 Kc4 80.Kh2 Kd4 81.Kh1 Ke3 82.Kh2 Kf3 83.Kh1
Kg3 84.Kg1 Nd3 {#R} 0-1

[Event "16th Asian Continental w"]
[Site "Chengdu CHN"]
[Date "2017.05.19"]
[Round "8.12"]
[White "Chu,Ruotong"]
[Black "Zhang,Lanlin"]
[Result "0-1"]
[WhiteElo "2251"]
[BlackElo "2067"]

1.d4 d5 2.c4 dxc4 3.Nf3 Nf6 4.e3 e6 5.Bxc4 c5 6.O-O cxd4 7.Nxd4 Be7 8.Nc3 O-O
9.f4 Nc6 10.Nxc6 bxc6 11.Qc2 Bb7 12.Rd1 Qc7 13.Be2 Rfd8 14.Rxd8+ Rxd8 15.Bd2
e5 16.Bf3 exf4 17.exf4 c5 18.Bxb7 Qxb7 19.Rd1 h6 20.Be3 Rxd1+ 21.Nxd1 Qd5
22.Nc3 Qe6 23.Qe2 Ng4 24.Bd2 Qd7 25.h3 Nf6 26.Be3 Bd6 27.b3 Qf5 28.Qd2 Bc7
29.Qf2 Ba5 30.Na4 Qb1+ 31.Qf1 Qxa2 32.Qb5 Qb1+ 33.Kh2 Be1 34.Nxc5 Qg6 35.Qd3
Qg3+ 36.Kh1 Ba5 37.Qe2 Bb6 38.Qf2 Qg6 39.Na4 Ne4 40.Qf3 Ng3+ 41.Kg1 Qb1+
42.Kf2 Ne4+ 43.Ke2 Qc2+ 44.Ke1 Ba5+ 45.Kf1 Ng3+ 46.Kg1 Qb1+ 47.Kf2 Qe1# 0-1

[Event "16th Asian Continental w"]
[Site "Chengdu CHN"]
[Date "2017.05.19"]
[Round "8.13"]
[White "Luong Phuong Hanh"]
[Black "Mendoza,Shania Mae"]
[Result "1-0"]
[WhiteElo "2224"]
[BlackElo "2019"]

1.d4 Nf6 2.Nc3 d5 3.Bf4 c5 4.e3 e6 5.Nf3 Be7 6.h3 O-O 7.Be2 a6 8.a4 Nc6 9.O-O
cxd4 10.exd4 Ne4 11.Ne5 Nxc3 12.bxc3 Nxe5 13.Bxe5 f6 14.Bg3 Bd6 15.Bxd6 Qxd6
16.c4 Rd8 17.c5 Qc6 18.a5 e5 19.c3 Bf5 20.Bd3 e4 21.Bc2 Qe8 22.Qd2 Bd7 23.Bb3
Qe6 24.Rfb1 Qf7 25.Bd1 Rac8 26.Rb6 Rc7 27.Rab1 Bc8 28.Qf4 Re7 29.Ba4 h6 30.c6
bxc6 31.Bxc6 Kh7 32.Rb8 g5 33.Qd2 Rc7 34.R1b6 Qe7 35.Qe2 Rd6 36.Ba8 Rxc3
37.Qd2 Rxb6 38.axb6 Qd6 39.Qxc3 Qxb8 40.Bxd5 f5 41.Qc6 e3 42.fxe3 Qg3 43.Qe8
h5 44.Qxh5+ Kg7 45.Qf7+ Kh6 46.Qf8+ {#r} 1-0

[Event "16th Asian Continental w"]
[Site "Chengdu CHN"]
[Date "2017.05.19"]
[Round "8.14"]
[White "Xu,Yuze"]
[Black "Geldyeva,M"]
[Result "1-0"]
[WhiteElo "2040"]
[BlackElo "2169"]

1.e4 d5 2.exd5 Nf6 3.d4 Bg4 4.Be2 Bxe2 5.Nxe2 Qxd5 6.O-O Nc6 7.c3 O-O-O 8.Qa4
Qh5 9.Ng3 Qg6 10.b4 Nd5 11.b5 Nb6 12.Qb3 Na5 13.Qa3 Nac4 14.Qxa7 h5 15.Ne2 h4
16.h3 e5 17.a4 Qe4 18.a5 Qxe2 19.axb6 Nxb6 20.Be3 e4 21.Nd2 f5 22.c4 Bb4 23.c5
Bxd2 24.c6 {#r} 1-0

[Event "16th Asian Continental w"]
[Site "Chengdu CHN"]
[Date "2017.05.19"]
[Round "8.17"]
[White "Liu Shilan"]
[Black "Nie,X"]
[Result "0-1"]
[WhiteElo "2234"]
[BlackElo "2045"]

1.e4 e5 2.Nf3 Nc6 3.Nc3 Nf6 4.d4 exd4 5.Nxd4 Bb4 6.Nxc6 bxc6 7.Bd3 d5 8.exd5
cxd5 9.O-O O-O 10.h3 c6 11.Bf4 Bd6 12.Qf3 Rb8 13.b3 Rb4 14.Ne2 Bxf4 15.Nxf4
Qd6 16.c4 d4 17.c5 Qxc5 18.Rac1 Qg5 19.g3 Bb7 20.Rfe1 Qa5 21.Qe2 c5 22.Qe5
Qxa2 23.Qxc5 a5 24.Bc4 Ne4 25.Qxd4 Qd2 26.Red1 Qxd4 27.Rxd4 Ng5 28.Rd7 Nf3+
29.Kf1 Bc6 30.Bxf7+ Rxf7 31.Rd8+ Rf8 32.Rxf8+ Kxf8 33.Rxc6 Rxb3 34.Ra6 Nd2+
35.Ke2 Nc4 36.Ra7 Rb6 37.Kd3 Nb2+ 38.Kc2 a4 39.h4 Kg8 40.Nd5 Rb5 41.Nc3 Rb4
42.f4 h5 43.Nd5 Rb5 44.Nc7 Rb6 45.Ne8 g6 46.Nc7 Kf8 47.Nd5 Rb5 48.Nf6 Nc4
49.Rxa4 Ne3+ 50.Kc3 Nf5 51.Ne4 Rb1 52.Ra8+ Kf7 53.Ng5+ Kg7 54.Ra7+ Kf8 55.Ne6+
Kg8 56.Kc4 Rd1 57.Ra8+ Kf7 58.Ng5+ Kg7 59.Ra7+ Kf8 60.Ra6 Ke7 61.Kc5 Re1
62.Ra7+ Kf8 63.Ra3 Ke7 64.Rd3 Re3 65.Rxe3+ Nxe3 66.Ne4 Ke6 67.Kd4 Nf1 68.g4
hxg4 69.Kd3 Kf5 70.Nc3 Kxf4 71.Ke2 Ne3 72.Kf2 g3+ 73.Kg1 Kg4 74.Ne2 Kxh4
75.Nf4 g5 76.Ng6+ Kh3 77.Ne5 Nf5 78.Nf3 Kg4 79.Ne5+ Kf4 {#R} 0-1

[Event "16th Asian Continental w"]
[Site "Chengdu CHN"]
[Date "2017.05.19"]
[Round "8.20"]
[White "Gong Qianyun"]
[Black "Hallaeva,B"]
[Result "1-0"]
[WhiteElo "2298"]
[BlackElo "2085"]

1.e4 e5 2.Nf3 Nc6 3.Bc4 Nf6 4.d3 Bc5 5.c3 O-O 6.O-O d5 7.exd5 Nxd5 8.Re1 Bg4
9.h3 Bh5 10.b4 Bb6 11.b5 Na5 12.Rxe5 Nxc3 13.Nxc3 Bxf3 14.Qxf3 Qd4 15.Bf4 Qxc3
16.Rc1 Qd4 17.Bd5 Rad8 18.Be4 Rd6 19.Rh5 Rg6 20.Be5 Qd7 21.Rxh7 Rg5 22.Rxg7+
Rxg7 23.Qf6 {#r} 1-0

[Event "16th Asian Continental w"]
[Site "Chengdu CHN"]
[Date "2017.05.19"]
[Round "8.21"]
[White "Owezdurdiyeva,J"]
[Black "Ning,Kaiyu"]
[Result "1-0"]
[WhiteElo "2016"]
[BlackElo "2134"]

1.d4 d5 2.c4 dxc4 3.Nf3 Nf6 4.e3 a6 5.Bxc4 b5 6.Bd3 Bb7 7.O-O Nbd7 8.a4 b4
9.b3 e6 10.Bb2 c5 11.Nbd2 Be7 12.Rc1 O-O 13.Qe2 Nd5 14.Bb1 f5 15.e4 Nf4 16.Qe3
Bg5 17.Nxg5 Qxg5 18.g3 fxe4 19.Rce1 cxd4 20.Bxd4 e5 21.Bb2 Nf6 22.Nxe4 Nh3+
23.Kg2 Qh5 24.f3 Bxe4 25.Bxe4 Rae8 26.Bc1 h6 27.Qd3 Ng5 28.Bxg5 Qxg5 29.h4 Qh5
30.Bg6 {#r} 1-0

[Event "16th Asian Continental w"]
[Site "Chengdu CHN"]
[Date "2017.05.20"]
[Round "9.3"]
[White "Pham Le Thao Nguyen"]
[Black "Swathi,G"]
[Result "0-1"]
[WhiteElo "2331"]
[BlackElo "2280"]

1.d4 Nf6 2.Nf3 e6 3.g3 c5 4.Bg2 cxd4 5.O-O d5 6.Nxd4 Bc5 7.Nb3 Be7 8.c4 O-O
9.cxd5 Nxd5 10.a3 Nc6 11.e4 Nb6 12.Nc3 Bf6 13.Nb5 e5 14.Qc2 Be6 15.Rd1 Qe7
16.Be3 Rac8 17.Nc3 Na4 18.Rd3 Nxc3 19.bxc3 b6 20.Qb2 Rc7 21.a4 Bc4 22.Rdd1 Qe6
23.Nd2 Na5 24.Nxc4 Nxc4 25.Qe2 Nxe3 26.Qxe3 Rfc8 27.Rd3 Qb3 28.a5 Rxc3 29.Bf1
Rxd3 30.Qxd3 Qxd3 31.Bxd3 Bd8 32.Ba6 Rc2 33.Rd1 Bc7 34.Bd3 Rc3 35.a6 Kf8 36.h4
Ke7 37.Kg2 Bd6 38.g4 h6 39.f3 Bc5 40.Kg3 Be3 41.h5 Rc5 42.Kg2 Bd4 43.Kg3 Kd6
44.g5 hxg5 45.Kg4 Be3 46.Bb5+ Ke7 47.Rb1 Kf6 48.Bd3 Rc3 49.Rd1 Bf4 50.Bb5 Rc5
51.Be8 Rc2 52.Rd6+ Ke7 53.Rd7+ Ke6 54.Rxa7 Rg2+ 55.Kh3 Rh2+ {#R} 0-1